الجودة في نظم التربية و التعليم / (رقم التسجيلة. 80517)
[ عرض عادي ]
| 000 -الفاتح | |
|---|---|
| حقل البيانات ثابتة الطول | 00888nam a22002177a 4500 |
| 003 - محدد رقم الضبط | |
| رقم الضبط | OSt |
| 005 - وقت وتاريخ اخر تعامل مع التسجيلة | |
| رقم الضبط | 20220629141639.0 |
| 008 - عناصر البيانات ثابتة الطول - معلومات عامة | |
| حقل البيانات ثابتة الطول | 220629b2016 jo ||||g |||| 00| 0 ara d |
| 040 ## - مصدر الفهرسة | |
| وكالة الفهرسة الأصلية | Ma-Un |
| وكالة النسخ | Ma-Un |
| 082 ## - رقم تصنيف ديوى العشرى | |
| رقم الطبعة | 21 |
| رقم التصنيف | 371.2 |
| رقم المادة | ب ج ج |
| 100 ## - المدخل الرئيسى - إسم شخصى | |
| الإسم الشخصى | البرقعاوي، جلال عزيز فرمان. |
| 245 ## - بيان العنوان | |
| العنوان | الجودة في نظم التربية و التعليم / |
| بيان المسئوليه,etc | جلال عزيز فرمان البرقعاوي. |
| 250 ## - بيان الطبعة | |
| بيان الطبعة | ط. 1. |
| 260 ## - PUBLICATION, DISTRIBUTION, ETC. (IMPRINT) | |
| مكان الناشر او الموزع | عمان، الأردن : |
| اسم الناشر او الموزع | الدار المنهجية للنشر والتوزيع، |
| تاريخ النشر أو التوزيع | 2015 |
| تاريخ النشر هجري | 1436 |
| 300 ## - الوصف المادى | |
| التعداد | 176 ص. : |
| تفاصيل ماديه اخرى للوعاء | ايض. ؛ |
| أبعاد الوعاء | 24 سم. |
| 504 ## - تبصرة ببليوجرافية | |
| تبصرة ببليوجرافية,الخ | يشتمل على قائمة ببليوجرافية. |
| 650 ## - المدخل الاضافى بالموضوع-مصطلح موضوعى | |
| مصطلح موضوعي أو اسم جغرافي كعنصر مدخل | المدارس. |
| التقسيم الفرعي العام | إدارة. |
| -- | ضبط جودة. |
| 650 ## - المدخل الاضافى بالموضوع-مصطلح موضوعى | |
| مصطلح موضوعي أو اسم جغرافي كعنصر مدخل | التخطيط التربوي. |
| 650 ## - المدخل الاضافى بالموضوع-مصطلح موضوعى | |
| مصطلح موضوعي أو اسم جغرافي كعنصر مدخل | التعليم. |
| التقسيم الفرعي العام | ضبط جودة. |
| 952 ## - LOCATION AND ITEM INFORMATION (KOHA) | |
| نوع المادة فى نظام كوها | كتاب |
| 952 ## - LOCATION AND ITEM INFORMATION (KOHA) | |
| نوع المادة فى نظام كوها | كتاب |
| 952 ## - LOCATION AND ITEM INFORMATION (KOHA) | |
| نوع المادة فى نظام كوها | كتاب |
| 952 ## - LOCATION AND ITEM INFORMATION (KOHA) | |
| نوع المادة فى نظام كوها | كتاب |
| 952 ## - LOCATION AND ITEM INFORMATION (KOHA) | |
| نوع المادة فى نظام كوها | كتاب |
| 952 ## - LOCATION AND ITEM INFORMATION (KOHA) | |
| نوع المادة فى نظام كوها | كتاب |
| 952 ## - LOCATION AND ITEM INFORMATION (KOHA) | |
| نوع المادة فى نظام كوها | كتاب |
| 942 ## - | |
| -- | ddc |
| -- | BOOK |
| حالة الفقد | نموذج السعر الفعال | حالة تلف | ليس للاعارة | تاريخ الاكتساب | رقم الطلب | تاريخ الاكتساب | الموقع الحالي | الباركود | الفرع الرئيسي | Date last seen | مصدر التصنيف او خطة الترفيف | Total Checkouts |
|---|---|---|---|---|---|---|---|---|---|---|---|---|
| 2022-06-29 | Not For Loan | 2022-06-29 | 371.2 ب ج ج | 2022-06-29 | CL | 00177484 | المكتبة المركزية بالمجمعة (CL) | 2022-06-29 | Dewey Decimal Classification | |||
| 2022-06-29 | 2022-06-29 | 371.2 ب ج ج | 2022-06-29 | CL | 00177485 | المكتبة المركزية بالمجمعة (CL) | 2022-06-29 | Dewey Decimal Classification | ||||
| 2022-06-29 | 2022-06-29 | 371.2 ب ج ج | 2022-06-29 | CL | 00177486 | المكتبة المركزية بالمجمعة (CL) | 2022-06-29 | Dewey Decimal Classification | ||||
| 2022-06-29 | Not For Loan | 2022-06-29 | 371.2 ب ج ج | 2022-06-29 | EMF | 00177489 | مكتبة مجمع الطالبات بالمجمعة (EMF) | 2022-06-29 | Dewey Decimal Classification | |||
| 2022-06-29 | 2022-06-29 | 371.2 ب ج ج | 2022-06-29 | EMF | 00177490 | مكتبة مجمع الطالبات بالمجمعة (EMF) | 2022-06-29 | Dewey Decimal Classification | ||||
| 2022-06-29 | Not For Loan | 2022-06-29 | 371.2 ب ج ج | 2022-06-29 | EZF | 00177487 | مكتبة كلية التربية بالزلفى - طالبات (EZF) | 2022-06-29 | Dewey Decimal Classification | |||
| 2022-06-29 | 2022-06-29 | 371.2 ب ج ج | 2022-06-29 | EZF | 00177488 | مكتبة كلية التربية بالزلفى - طالبات (EZF) | 2022-06-29 | Dewey Decimal Classification |
